[Event "30ème Open  d'Avoine"]
[Site "Avoine"]
[Date "2015.07.18"]
[Round "2.26"]
[White "De Lussac, Estephe"]
[Black "Mevel, Alberic"]
[Result "0-1"]
[WhiteElo "1931"]
[BlackElo "2248"]
[PlyCount "86"]
[EventDate "2015.??.??"]
[WhiteTeam "C-E BOIS-COLOMBES"]
[BlackTeam "C.E. STRASBOURG"]

1. e4 d5 2. exd5 Nf6 3. d4 Bg4 4. f3 Bf5 5. Bb5+ c6 6. dxc6 Qa5+ 7. Nc3 Nxc6 8.
Bxc6+ bxc6 9. Qe2 O-O-O 10. Qc4 Kb7 11. Nge2 e5 12. dxe5 Qxe5 13. Qxf7+ Ka8 14.
Qc4 Qc5 15. Qxc5 Bxc5 16. Na4 Bxc2 17. Nxc5 Rd1+ 18. Kf2 Rxh1 19. Nd4 Bg6 20.
b4 Rd8 21. Bb2 Rxa1 22. Bxa1 Bf7 23. Nxc6 Rd2+ 24. Kg3 Nh5+ 25. Kh3 Rxa2 26.
Be5 Re2 27. g4 Bd5 28. gxh5 Bxc6 29. f4 g5 30. hxg6 hxg6 31. Kh4 Rxh2+ 32. Kg5
Rg2+ 33. Kf6 Bb5 34. f5 gxf5 35. Kxf5 Rc2 36. Bd6 Rb2 37. Ne4 Bd3 38. Kf4 Bxe4
39. Kxe4 Rd2 40. Be5 Rd7 41. Bd4 Kb7 42. Kd3 Kc6 43. Kc4 a6 0-1

[Event "30ème Open  d'Avoine"]
[Site "Avoine"]
[Date "2015.07.18"]
[Round "2.27"]
[White "Robin, Samy"]
[Black "Thereze, Ludovic"]
[Result "1/2-1/2"]
[WhiteElo "2247"]
[BlackElo "1970"]
[PlyCount "84"]
[EventDate "2015.??.??"]
[WhiteTeam "C-E BOIS-COLOMBES"]
[BlackTeam "C.E. STRASBOURG"]

1. e4 e5 2. Bc4 Nf6 3. d4 exd4 4. e5 d5 5. Qxd4 dxc4 6. Qxd8+ Kxd8 7. exf6 gxf6
8. Ne2 Bd6 9. Nd2 Be6 10. Ne4 Be7 11. Bf4 Nc6 12. O-O-O+ Kc8 13. N2c3 Rd8 14.
Rxd8+ Bxd8 15. Rd1 b6 16. Nd5 Bf5 17. Ndxf6 Bxf6 18. Nxf6 Nb4 19. Nd5 Nxd5 20.
Rxd5 Bg6 21. h4 c6 22. Rd4 b5 23. g4 h5 24. f3 a5 25. a4 Kb7 26. Rd7+ Ka6 27.
Be3 bxa4 28. Kd2 Rb8 29. Kc3 Rb7 30. Rd8 Kb5 31. Re8 a3 32. bxa3 Ka4 33. Bc5
Rb5 34. Bd6 Rd5 35. Bf8 Rd1 36. Re3 Rc1 37. Kxc4 Rxc2+ 38. Kd4 hxg4 39. fxg4
Rg2 40. g5 Rg4+ 41. Ke5 Rxh4 42. Kd6 Rc4 1/2-1/2

[Event "30ème Open  d'Avoine"]
[Site "Avoine"]
[Date "2015.07.18"]
[Round "2.28"]
[White "Devallee, Jeremie"]
[Black "Mourgues, Jean-Marie"]
[Result "1-0"]
[WhiteElo "2246"]
[BlackElo "1955"]
[PlyCount "97"]
[EventDate "2015.??.??"]
[WhiteTeam "C-E BOIS-COLOMBES"]
[BlackTeam "C.E. STRASBOURG"]

1. e4 e5 2. Nc3 Nf6 3. g3 Nc6 4. Bg2 Be7 5. Nge2 d6 6. d3 O-O 7. h3 Ne8 8. Nd5
f5 9. exf5 Bxf5 10. Nxe7+ Qxe7 11. Be3 Nf6 12. Qd2 d5 13. g4 Be6 14. Ng3 d4 15.
Bg5 h6 16. Bxf6 Rxf6 17. O-O Raf8 18. Rae1 R6f7 19. Bxc6 bxc6 20. Rxe5 Qd6 21.
Qe2 Bc8 22. Re8 c5 23. Rxf8+ Rxf8 24. Re1 Qf6 25. Ne4 Qh4 26. Kg2 h5 27. f3 Bb7
28. Qf2 Qxf2+ 29. Kxf2 hxg4 30. hxg4 a5 31. a4 Bc6 32. b3 Bd5 33. Nd2 Kf7 34.
Re5 c6 35. Rf5+ Ke8 36. Rxf8+ Kxf8 37. Kg3 Ke7 38. Kf4 Kf6 39. g5+ Ke6 40. Ne4
Bxe4 41. Kxe4 Kd6 42. f4 Ke6 43. f5+ Kd6 44. Kf4 Ke7 45. Ke5 Kd7 46. f6 g6 47.
f7 Ke7 48. f8=B+ Kxf8 49. Kf6 1-0

[Event "30ème Open  d'Avoine"]
[Site "Avoine"]
[Date "2015.07.18"]
[Round "2.29"]
[White "Favrel, Nicolas"]
[Black "Lukasiewicz, Grzegorz"]
[Result "0-1"]
[WhiteElo "1900"]
[BlackElo "2245"]
[PlyCount "106"]
[EventDate "2015.??.??"]
[WhiteTeam "C-E BOIS-COLOMBES"]
[BlackTeam "C.E. STRASBOURG"]

1. d4 d5 2. Nf3 c6 3. g3 Bf5 4. Bg2 e6 5. O-O Be7 6. c4 Nf6 7. Qb3 Qb6 8. c5
Qxb3 9. axb3 Na6 10. Bf4 O-O 11. Ra4 Rfc8 12. Nbd2 Nc7 13. Rc1 Nb5 14. b4 h6
15. Nb3 g5 16. Be3 Nd7 17. h4 f6 18. Raa1 Bf8 19. Bd2 Re8 20. Bc3 Bg7 21. Re1
Nf8 22. hxg5 fxg5 23. Ne5 Bc2 24. Na5 Re7 25. Rac1 Bf5 26. e4 Bxe5 27. dxe5
Bxe4 28. Bxe4 dxe4 29. Rxe4 Rd8 30. Nc4 Rd5 31. Kg2 Ng6 32. Rce1 Kg7 33. Nd6 a6
34. Kh3 Rd7 35. Kg4 Ne7 36. f4 Nxc3 37. bxc3 Rd3 38. R4e3 Rxe3 39. Rxe3 Kg6 40.
c4 Nf5 41. Rd3 h5+ 42. Kf3 g4+ 43. Kf2 h4 44. gxh4 Kh5 45. Rd1 g3+ 46. Kf3 g2
47. Rb1 Nxh4+ 48. Kf2 Kg4 49. f5 exf5 50. e6 Re7 51. Re1 Nf3 52. Re3 g1=Q+ 53.
Ke2 Qg2+ 0-1

[Event "30ème Open  d'Avoine"]
[Site "Avoine"]
[Date "2015.07.18"]
[Round "2.30"]
[White "Viennot, Dylan"]
[Black "Estadieu, Romeo"]
[Result "1-0"]
[WhiteElo "2351"]
[BlackElo "1940"]
[PlyCount "77"]
[EventDate "2015.??.??"]
[WhiteTeam "C-E BOIS-COLOMBES"]
[BlackTeam "C.E. STRASBOURG"]

1. e4 e6 2. d4 d5 3. exd5 exd5 4. Bd3 Bd6 5. Qf3 Nc6 6. c3 Nge7 7. Ne2 Be6 8.
Na3 a6 9. Nc2 Qd7 10. Ne3 O-O-O 11. Nf4 Bxf4 12. Qxf4 f6 13. h4 Rde8 14. Bd2
Ng6 15. Qf3 Bg4 16. Qg3 Rhf8 17. O-O Be6 18. b4 f5 19. f4 Nd8 20. a4 Nf7 21.
Rfb1 Nd6 22. h5 Nh8 23. Qe1 Ne4 24. Bc1 Bf7 25. b5 a5 26. b6 c6 27. c4 dxc4 28.
Qxa5 Kd8 29. Bxe4 fxe4 30. Ba3 Bd5 31. Qa8+ Qc8 32. Qxc8+ Kxc8 33. Bxf8 Rxf8
34. a5 Kb8 35. a6 Rf7 36. axb7 Rxb7 37. Nxd5 cxd5 38. Ra5 Rd7 39. Rba1 1-0

[Event "30ème Open  d'Avoine"]
[Site "Avoine"]
[Date "2015.07.18"]
[Round "2.31"]
[White "Bouvet, Florian"]
[Black "Burri, Quentin"]
[Result "1-0"]
[WhiteElo "2040"]
[BlackElo "2292"]
[PlyCount "81"]
[EventDate "2015.??.??"]
[WhiteTeam "C-E BOIS-COLOMBES"]
[BlackTeam "C.E. STRASBOURG"]

1. e4 c5 2. Nf3 d6 3. d4 cxd4 4. Nxd4 Nf6 5. Nc3 a6 6. Be3 e5 7. Nb3 Be7 8. Be2
O-O 9. O-O Nbd7 10. f4 b5 11. Nd5 Bb7 12. Bf3 Bxd5 13. exd5 e4 14. Be2 Nb6 15.
Bxb6 Qxb6+ 16. Kh1 Rfe8 17. a4 b4 18. c4 bxc3 19. bxc3 e3 20. Rb1 Bf8 21. Qd3
Qa7 22. Bf3 e2 23. Rfe1 Re3 24. Qc4 Rae8 25. Nd2 h5 26. h3 g6 27. a5 Nd7 28.
Ne4 h4 29. Rb2 f5 30. Ng5 Qa8 31. Rbxe2 Rxe2 32. Rxe2 Rc8 33. Qd3 Nc5 34. Qe3
Qb7 35. Ne6 Re8 36. Qf2 Nd3 37. Qxh4 Qb1+ 38. Kh2 Qc1 39. Ng5 Qxf4+ 40. Qxf4
Nxf4 41. Rxe8 1-0

[Event "30ème Open  d'Avoine"]
[Site "Avoine"]
[Date "2015.07.18"]
[Round "2.32"]
[White "Coursaget, Nicolas"]
[Black "Le Franc, Yves"]
[Result "1-0"]
[WhiteElo "2268"]
[BlackElo "1964"]
[PlyCount "59"]
[EventDate "2015.??.??"]
[WhiteTeam "C-E BOIS-COLOMBES"]
[BlackTeam "C.E. STRASBOURG"]

1. d4 d5 2. Nf3 Nf6 3. c4 c6 4. Nc3 h6 5. e3 e6 6. Bd3 Nbd7 7. O-O Bd6 8. Qe2
O-O 9. e4 dxe4 10. Nxe4 Nxe4 11. Qxe4 Nf6 12. Qh4 Nh7 13. Qe4 Nf6 14. Qe2 b6
15. Rd1 Bb7 16. c5 Bc7 17. Ne5 Qe7 18. b4 a5 19. b5 cxb5 20. c6 Bc8 21. Bxb5
Rd8 22. a4 Nd5 23. Ra3 Bxe5 24. dxe5 Kh8 25. Qh5 f5 26. Bxh6 gxh6 27. Rxd5 Rg8
28. Qxh6+ Qh7 29. Qf6+ Rg7 30. Rd8+ 1-0

[Event "30ème Open  d'Avoine"]
[Site "Avoine"]
[Date "2015.07.18"]
[Round "2.33"]
[White "Strohl, Antoine"]
[Black "Navrotescu, Andreea-Cristiana"]
[Result "0-1"]
[WhiteElo "1995"]
[BlackElo "2247"]
[PlyCount "76"]
[EventDate "2015.??.??"]
[WhiteTeam "C-E BOIS-COLOMBES"]
[BlackTeam "C.E. STRASBOURG"]

1. d4 Nf6 2. Nf3 g6 3. Bg5 Ne4 4. Bf4 Bg7 5. Nbd2 d5 6. e3 c5 7. c3 cxd4 8.
exd4 Nd6 9. Qb3 Nf5 10. Bb5+ Nc6 11. Ne5 Bxe5 12. Bxe5 f6 13. Bf4 g5 14. Be3
Be6 15. Bd3 Qd7 16. O-O-O a6 17. Qb6 Nd6 18. f3 Nc8 19. Qb3 b5 20. Qc2 Na5 21.
Bxh7 Nd6 22. Bg6+ Kd8 23. Bd3 b4 24. Nb3 Nxb3+ 25. axb3 Nb5 26. Kd2 Rc8 27.
Bxb5 axb5 28. Ke2 bxc3 29. bxc3 b4 30. Bd2 g4 31. Qb2 Qd6 32. f4 bxc3 33. Bxc3
Qxf4 34. Ba5+ Ke8 35. Qd2 Qe4+ 36. Qe3 Rc2+ 37. Bd2 Qxg2+ 38. Qf2 Rxd2+ 0-1

[Event "30ème Open  d'Avoine"]
[Site "Avoine"]
[Date "2015.07.18"]
[Round "2.34"]
[White "Viel, Simon"]
[Black "Le Huec, Marc"]
[Result "0-1"]
[WhiteElo "1981"]
[BlackElo "2236"]
[PlyCount "142"]
[EventDate "2015.??.??"]
[WhiteTeam "C-E BOIS-COLOMBES"]
[BlackTeam "C.E. STRASBOURG"]

1. e4 c5 2. Nf3 Nc6 3. d4 cxd4 4. Nxd4 e5 5. Nf5 d5 6. Qxd5 Qxd5 7. exd5 Bxf5
8. dxc6 bxc6 9. Bd3 Be6 10. c4 Nf6 11. f3 Bc5 12. Nc3 O-O 13. Bg5 Bd4 14. Kd2
Rab8 15. Rab1 Rfe8 16. Bxf6 gxf6 17. Ne4 Red8 18. b4 f5 19. Ng3 f4 20. Ne4 h6
21. c5 Bxa2 22. Ra1 Bxa1 23. Rxa1 Bc4 24. Nd6 Bxd3 25. Kxd3 Rxb4 26. Rxa7 Rd4+
27. Kc3 R8xd6 28. cxd6 Rxd6 29. Ra5 Re6 30. Kd3 Kg7 31. Ke4 f6 32. Kf5 Re7 33.
Rc5 Rc7 34. Ke6 Kg6 35. Kd6 Ra7 36. Rxc6 Kf7 37. Rc2 Ra6+ 38. Kd5 Ra5+ 39. Kd6
Ra6+ 40. Kd5 Kg6 41. Re2 h5 42. Kc4 Rd6 43. Kc5 Rd1 44. Kc4 Rh1 45. g3 Kf5 46.
Rf2 fxg3 47. hxg3 Rg1 48. g4+ hxg4 49. fxg4+ Kg6 50. Kd5 Rxg4 51. Ke6 Rf4 52.
Rg2+ Kh5 53. Kd5 e4 54. Kd4 f5 55. Ke3 Rg4 56. Rf2 Kg5 57. Rh2 Rg3+ 58. Kf2 f4
59. Rh8 e3+ 60. Kf1 Kg4 61. Rh7 Kf3 62. Rh2 e2+ 63. Rxe2 Rg1+ 64. Kxg1 Kxe2 65.
Kg2 f3+ 66. Kg1 f2+ 67. Kg2 f1=Q+ 68. Kg3 Qf5 69. Kh4 Qg6 70. Kh3 Kf3 71. Kh4
Qg4# 0-1

[Event "30ème Open  d'Avoine"]
[Site "Avoine"]
[Date "2015.07.18"]
[Round "2.35"]
[White "Adam, Etienne"]
[Black "Zachary, Matheo"]
[Result "1-0"]
[WhiteElo "2212"]
[BlackElo "1994"]
[PlyCount "117"]
[EventDate "2015.??.??"]
[WhiteTeam "C-E BOIS-COLOMBES"]
[BlackTeam "C.E. STRASBOURG"]

1. c4 e5 2. g3 Nf6 3. Bg2 Nc6 4. Nc3 Bb4 5. Nd5 Nxd5 6. cxd5 Ne7 7. Qc2 O-O 8.
e4 d6 9. a3 Ba5 10. b4 Bb6 11. Nf3 f5 12. d3 fxe4 13. dxe4 Bg4 14. Qd3 Ng6 15.
a4 Qf6 16. Ra3 a5 17. b5 Bxf3 18. Bxf3 Rf7 19. O-O Raf8 20. Bg4 Bc5 21. Ra2 Kh8
22. Bf5 Re8 23. h4 h6 24. Kg2 Rff8 25. Rc2 Ne7 26. Be6 Ra8 27. Rh1 Qg6 28. h5
Qf6 29. f3 c6 30. bxc6 bxc6 31. Bd2 cxd5 32. exd5 Bb4 33. Bc1 Nf5 34. Bxf5 Qxf5
35. Qxf5 Rxf5 36. g4 Rff8 37. Be3 Rab8 38. Ra1 Rfc8 {(=)} 39. Rxc8+ Rxc8 40.
Rc1 Rxc1 41. Bxc1 Kg8 42. Kf2 Kf7 43. Ke2 Ke7 44. Kd3 Kf6 45. Be3 Be1 46. Kc4
Bb4 47. Kd3 Be1 48. Ke4 Bb4 49. Bb6 g6 50. Be3 Kg7 51. Bc1 Kh7 52. Bb2 Bc5 53.
Bc3 Bb6 54. f4 exf4 55. Kxf4 Bd8 56. Ke4 gxh5 57. gxh5 Kg8 58. Kf5 Kf7 59. Bd2
1-0

[Event "30ème Open  d'Avoine"]
[Site "Avoine"]
[Date "2015.07.18"]
[Round "2.36"]
[White "Tomasi, Albert"]
[Black "Degardin, Sylvain"]
[Result "0-1"]
[WhiteElo "1972"]
[BlackElo "2145"]
[PlyCount "110"]
[EventDate "2015.??.??"]
[WhiteTeam "C-E BOIS-COLOMBES"]
[BlackTeam "C.E. STRASBOURG"]

1. e4 c5 2. Nf3 e6 3. d4 cxd4 4. Nxd4 Nf6 5. Nc3 d6 6. g3 Be7 7. Bg2 O-O 8. O-O
a6 9. Be3 Qc7 10. a4 Nc6 11. f4 Bd7 12. Nb3 Rac8 13. g4 d5 14. exd5 Nb4 15. g5
Nfxd5 16. Nxd5 Nxd5 17. Bxd5 exd5 18. Nd4 Rfe8 19. Qf3 Bc5 20. c3 Re4 21. Rae1
Bxa4 22. Nf5 Rce8 23. Qf2 Bd7 24. Bxc5 Bxf5 25. Bd4 Bh3 26. Rxe4 Rxe4 27. Re1
Qd7 28. Rxe4 dxe4 29. Qg3 {(=)} a5 30. Kf2 Bf5 31. Qe3 Qb5 32. Qd2 Bh3 33. Ke3
Qf1 34. Kxe4 Bg2+ 35. Kf5 {(=)} Bc6 36. Qe3 Bd7+ 37. Ke5 Qb5+ 38. Kd6 Qc6+ 39.
Ke7 Be6 40. Bxg7 Qd7+ 41. Kf6 Qd8+ 42. Ke5 Kxg7 43. Qd4 Qe8 44. f5 Bc8+ 45.
Kf4+ Kg8 46. h4 Qd7 47. Qe4 b5 48. h5 Bb7 49. Qe1 Qc7+ 50. Kg4 Qc4+ 51. Kg3
Qd3+ 52. Kh4 Be4 53. Kg4 Qf3+ 54. Kh4 Qf4+ 55. Kh3 Bxf5+ 0-1

[Event "30ème Open  d'Avoine"]
[Site "Avoine"]
[Date "2015.07.18"]
[Round "2.37"]
[White "Vekemans, Denis"]
[Black "Bianchi, Guillaume"]
[Result "0-1"]
[WhiteElo "1939"]
[BlackElo "2142"]
[PlyCount "108"]
[EventDate "2015.??.??"]
[WhiteTeam "C-E BOIS-COLOMBES"]
[BlackTeam "C.E. STRASBOURG"]

1. e4 c5 2. Ne2 a6 3. g3 b5 4. Bg2 Bb7 5. O-O e6 6. d3 d6 7. f4 Be7 8. Be3 Nf6
9. h3 h5 10. Nd2 Nc6 11. c3 {(=)} d5 12. e5 Nd7 13. Nf3 a5 14. d4 c4 15. Qc2
Qb6 16. f5 Ncxe5 17. Nxe5 Nxe5 18. fxe6 fxe6 19. Bf2 Nd3 20. Nf4 Nxf4 21. gxf4
O-O 22. Qg6 Rxf4 23. Rae1 Rf6 24. Qxh5 Raf8 25. Bg3 b4 26. Rxf6 Bxf6 27. Be5
Bxe5 28. Rxe5 bxc3 29. bxc3 Qb2 30. Rxe6 {(=)} Qxc3 31. Qg4 Qc1+ 32. Kh2 Bc8
33. Bxd5 Rf2+ 34. Kg3 Qg1+ 35. Kh4 Qxg4+ 36. hxg4 Bxe6 37. Bxe6+ Kf8 38. Bxc4
Rf4 39. Kg5 Rxd4 40. Be6 Rd6 41. Bb3 Rf6 42. Bc4 a4 43. Kh5 a3 44. g5 Rb6 45.
Bd5 Ke7 46. Bg8 Kd8 47. Bf7 Kc7 48. Bg8 Rd6 49. Bf7 Kb6 50. Bg8 Kc5 51. Bf7 Kd4
52. Bg8 Ke5 53. Bf7 Kf4 54. Bg8 Rc6 0-1

[Event "30ème Open  d'Avoine"]
[Site "Avoine"]
[Date "2015.07.18"]
[Round "2.38"]
[White "Kasparova, Tatiana"]
[Black "Gey, Marc-Emile"]
[Result "1-0"]
[WhiteElo "2141"]
[BlackElo "1911"]
[PlyCount "51"]
[EventDate "2015.??.??"]
[WhiteTeam "C-E BOIS-COLOMBES"]
[BlackTeam "C.E. STRASBOURG"]

1. e4 e5 2. Nf3 Nc6 3. Bb5 Nf6 4. O-O Nxe4 5. d4 Nd6 6. Bxc6 dxc6 7. dxe5 Nf5
8. Qxd8+ Kxd8 9. Nc3 Bd7 10. h3 h5 11. Bf4 Kc8 12. Rad1 b6 13. Ng5 Be8 14. Rd3
Be7 15. Rfd1 Rh6 16. Nce4 Rg6 17. Nf3 c5 18. Nc3 Kb7 19. Nd5 Bc6 20. c4 Re6 21.
g4 hxg4 22. hxg4 Rg6 23. Nh2 Rh8 24. Kf1 Bxd5 25. gxf5 Bg2+ 26. Kg1 1-0

[Event "30ème Open  d'Avoine"]
[Site "Avoine"]
[Date "2015.07.18"]
[Round "2.39"]
[White "Gely, Yann"]
[Black "Batteux, Mickael"]
[Result "1/2-1/2"]
[WhiteElo "1918"]
[BlackElo "2135"]
[PlyCount "55"]
[EventDate "2015.??.??"]
[WhiteTeam "C-E BOIS-COLOMBES"]
[BlackTeam "C.E. STRASBOURG"]

1. e4 Nf6 2. e5 Nd5 3. d4 d6 4. Nf3 dxe5 5. Nxe5 c6 6. Be2 Nd7 7. Nf3 N7f6 8.
O-O Bf5 9. a3 e6 10. c4 Nb6 11. Nc3 Be7 12. Nh4 Bg6 13. Nxg6 hxg6 14. b3 Qd7
15. Bf3 Rd8 16. Be3 c5 17. Ne2 cxd4 18. Qxd4 Bd6 19. Bf4 Bxf4 20. Qxd7+ Nbxd7
21. Nxf4 b6 22. Rfd1 Ne5 23. Rxd8+ Kxd8 24. Rd1+ Ke7 25. Be2 Rc8 26. Nd3 Nc6
27. Bf3 Nd4 28. Ne5 {(=)} 1/2-1/2

[Event "30ème Open  d'Avoine"]
[Site "Avoine"]
[Date "2015.07.18"]
[Round "2.40"]
[White "Midy, Robin"]
[Black "Deslias, Gregoire"]
[Result "1-0"]
[WhiteElo "1947"]
[BlackElo "2093"]
[PlyCount "67"]
[EventDate "2015.??.??"]
[WhiteTeam "C-E BOIS-COLOMBES"]
[BlackTeam "C.E. STRASBOURG"]

1. d4 Nf6 2. Bg5 e6 3. Nd2 Be7 4. e3 b6 5. Ngf3 Bb7 6. Bd3 d6 7. c3 Nbd7 8. Qc2
c5 9. O-O h6 10. Bxf6 Bxf6 11. Ne4 Qc7 12. Nxf6+ Nxf6 13. e4 O-O 14. Rfe1 Rac8
15. Qe2 Rfd8 16. Nd2 Qc6 17. Bb5 Qc7 18. Bd3 Ba8 19. Ba6 Rb8 20. Bd3 Bb7 21. f4
Rbc8 22. Rf1 cxd4 23. cxd4 d5 24. e5 Ne4 25. f5 exf5 26. Rxf5 Qd7 27. Raf1 Rf8
28. R5f4 Qa4 29. Qe3 Qxa2 30. Nxe4 dxe4 31. Rg4 Qe6 32. Rg3 exd3 33. Rf6 Qc4
34. Rxg7+ 1-0

[Event "30ème Open  d'Avoine"]
[Site "Avoine"]
[Date "2015.07.18"]
[Round "2.41"]
[White "Steinle, Thibaud"]
[Black "Dreux, Vincent"]
[Result "0-1"]
[WhiteElo "2079"]
[BlackElo "1946"]
[PlyCount "96"]
[EventDate "2015.??.??"]
[WhiteTeam "C-E BOIS-COLOMBES"]
[BlackTeam "C.E. STRASBOURG"]

1. e4 c6 2. d4 d5 3. Nc3 dxe4 4. Nxe4 Bf5 5. Ng3 Bg6 6. Nf3 e6 7. h4 h6 8. h5
Bh7 9. Bd3 Bxd3 10. Qxd3 Nf6 11. Bd2 Nbd7 12. O-O-O Qc7 13. Kb1 O-O-O 14. Ne4
Nc5 15. Nxc5 Bxc5 16. Qc4 Bd6 17. Qe2 Kb8 18. c4 c5 19. Bc3 Rhe8 20. Rh4 Bf8
21. Qe5 Bd6 22. Qe2 Bf8 23. a3 Nd7 24. Qd2 Be7 25. Rg4 Bf6 26. Qf4 Qxf4 27.
Rxf4 cxd4 28. Ba5 b6 29. Be1 e5 30. Rg4 Nc5 31. b4 Ne6 32. Nd2 Be7 33. f3 f5
34. Rg3 Bf6 35. Kc2 Nf4 36. Nf1 Nxh5 37. Rh3 Nf4 38. Rh2 Kb7 39. Ng3 d3+ 40.
Kb1 e4 41. Nxf5 e3 42. c5 e2 43. Rd2 bxc5 44. bxc5 Kc6 45. Nd6 Bc3 46. Nxe8
Bxd2 47. Bxd2 Rxe8 48. Be1 d2 0-1

[Event "30ème Open  d'Avoine"]
[Site "Avoine"]
[Date "2015.07.18"]
[Round "2.42"]
[White "Chemla, Oscar"]
[Black "Guillo, Nicolas"]
[Result "1-0"]
[WhiteElo "2069"]
[BlackElo "1903"]
[PlyCount "91"]
[EventDate "2015.??.??"]
[WhiteTeam "C-E BOIS-COLOMBES"]
[BlackTeam "C.E. STRASBOURG"]

1. e4 e6 2. d4 d5 3. Nc3 Bb4 4. Nge2 Ne7 5. a3 Bxc3+ 6. Nxc3 Nbc6 7. e5 Bd7 8.
Bg5 h6 9. Bh4 g5 10. Bg3 Nf5 11. Ne2 Na5 12. h4 gxh4 13. Bh2 Bb5 14. Nf4 Bxf1
15. Kxf1 Nc4 16. Qd3 Qg5 17. b3 Nb6 18. a4 O-O 19. g4 Ng7 20. Rg1 Kh8 21. a5
Nc8 22. Qb5 b6 23. Qc6 Ne7 24. Qxc7 Rfc8 25. Qb7 Rcb8 26. Qd7 Rd8 27. Qb5 Rdc8
28. Qd3 Nc6 29. axb6 axb6 30. Rxa8 Rxa8 31. Qc3 Rc8 32. f3 Ne7 33. Qd2 b5 34.
c3 Ra8 35. Kf2 Nc6 36. Qb2 b4 37. Ra1 Rc8 38. Rc1 Ra8 39. Ne2 Ne8 40. Bf4 Qg6
41. c4 Ne7 42. Qd2 dxc4 43. Rxc4 Nd5 44. Bxh6 Qb1 45. Nc1 Kh7 46. Bf8 1-0

[Event "30ème Open  d'Avoine"]
[Site "Avoine"]
[Date "2015.07.18"]
[Round "2.43"]
[White "Marimoutou, Loic"]
[Black "Forget, Cyril"]
[Result "1-0"]
[WhiteElo "2065"]
[BlackElo "1908"]
[PlyCount "51"]
[EventDate "2015.??.??"]
[WhiteTeam "C-E BOIS-COLOMBES"]
[BlackTeam "C.E. STRASBOURG"]

1. e4 c5 2. Nc3 Nc6 3. Bb5 Nd4 4. Bc4 e6 5. Nf3 Ne7 6. O-O Nec6 7. d3 g6 8. Bf4
d6 9. Nxd4 Nxd4 10. Ne2 Bg7 11. Nxd4 cxd4 12. Qd2 O-O 13. Bh6 b6 14. Bxg7 Kxg7
15. f4 f5 16. Rae1 Qf6 17. e5 dxe5 18. Rxe5 Rd8 19. Rfe1 Rd6 20. Qb4 Rc6 21.
Bb3 Rb8 22. Qxd4 Rb7 23. c3 Rd7 24. Qe3 Rdd6 25. d4 Rc7 26. Bxe6 1-0

[Event "30ème Open  d'Avoine"]
[Site "Avoine"]
[Date "2015.07.18"]
[Round "2.44"]
[White "Sandu, Mihaela"]
[Black "Yche, Michel"]
[Result "1-0"]
[WhiteElo "2347"]
[BlackElo "1919"]
[PlyCount "41"]
[EventDate "2015.??.??"]
[WhiteTeam "C-E BOIS-COLOMBES"]
[BlackTeam "C.E. STRASBOURG"]

1. e4 e6 2. d4 d5 3. Nc3 Bb4 4. e5 c5 5. a3 Bxc3+ 6. bxc3 Qc7 7. Nf3 Ne7 8. a4
b6 9. Bb5+ Nec6 10. O-O Ba6 11. c4 Bxb5 12. axb5 Ne7 13. cxd5 exd5 14. c4 cxd4
15. cxd5 Nxd5 16. Qxd4 Qc5 17. Qg4 O-O 18. Bh6 g6 19. Bxf8 Kxf8 20. Rac1 Qe7
21. Qe4 1-0

[Event "30ème Open  d'Avoine"]
[Site "Avoine"]
[Date "2015.07.18"]
[Round "2.45"]
[White "Mattheys, Eddy"]
[Black "Purenne, Benoit"]
[Result "0-1"]
[WhiteElo "1918"]
[BlackElo "2311"]
[PlyCount "38"]
[EventDate "2015.??.??"]
[WhiteTeam "C-E BOIS-COLOMBES"]
[BlackTeam "C.E. STRASBOURG"]

1. d4 Nf6 2. c4 c5 3. d5 b5 4. cxb5 a6 5. bxa6 e6 6. Nc3 exd5 7. Nxd5 Bxa6 8.
Nxf6+ Qxf6 9. Nf3 Nc6 10. g3 c4 11. Bh3 Bb4+ 12. Kf1 O-O 13. a3 c3 14. Kg2 Rae8
15. Ng5 Qg6 16. Qd5 Rxe2 17. Bf5 cxb2 18. Bxb2 Re5 19. Bxg6 Rxd5 0-1

[Event "30ème Open  d'Avoine"]
[Site "Avoine"]
[Date "2015.07.18"]
[Round "2.46"]
[White "Loiret, Stanislas"]
[Black "Neau, Julien"]
[Result "0-1"]
[WhiteElo "2228"]
[BlackElo "1879"]
[PlyCount "40"]
[EventDate "2015.??.??"]
[WhiteTeam "C-E BOIS-COLOMBES"]
[BlackTeam "C.E. STRASBOURG"]

1. d4 Nf6 2. c4 g6 3. Nc3 Bg7 4. e4 O-O 5. Be3 d6 6. f3 c5 7. d5 e6 8. dxe6
Bxe6 9. Bd3 Nc6 10. Nge2 Nd7 11. b3 Nd4 12. Rc1 Qh4+ 13. Bf2 Qg5 14. Kf1 Nxf3
15. gxf3 Bh3+ 16. Ke1 Ne5 17. Nf4 Qxf4 18. Be2 Bg2 19. Nd5 Nxf3+ 20. Bxf3 Qxf3
0-1

[Event "30ème Open  d'Avoine"]
[Site "Avoine"]
[Date "2015.07.18"]
[Round "2.47"]
[White "Kozlowski, Thierry"]
[Black "Corbet, Laurent"]
[Result "0-1"]
[WhiteElo "1913"]
[BlackElo "2227"]
[PlyCount "74"]
[EventDate "2015.??.??"]
[WhiteTeam "C-E BOIS-COLOMBES"]
[BlackTeam "C.E. STRASBOURG"]

1. d4 Nf6 2. c4 e6 3. Nc3 Bb4 4. e3 b6 5. Bd3 Bb7 6. f3 d5 7. Nge2 O-O 8. O-O
Nbd7 9. a3 Be7 10. Qe1 c5 11. Bd2 Rc8 12. cxd5 exd5 13. Qg3 a6 14. a4 Re8 15.
Rae1 Qc7 16. Qh3 Nf8 17. Kh1 Rcd8 18. g4 h6 19. Ng3 Ne6 20. Nf5 Bf8 21. Rg1 Ng5
22. Qg2 g6 23. h4 Ne6 24. Nxh6+ Bxh6 25. g5 Bxg5 26. hxg5 Nh5 27. Ne2 cxd4 28.
exd4 Kg7 29. Qg4 Bc8 30. Rgf1 Nc5 31. Bf4 Qc6 32. Rc1 Bxg4 33. Be5+ Rxe5 34.
fxg4 Rxe2 35. gxh5 Rd2 36. h6+ Kh8 37. dxc5 Qc7 0-1

[Event "30ème Open  d'Avoine"]
[Site "Avoine"]
[Date "2015.07.18"]
[Round "2.48"]
[White "Ribeiro, Romain"]
[Black "Dupeux, Denis"]
[Result "1-0"]
[WhiteElo "2222"]
[BlackElo "1857"]
[PlyCount "55"]
[EventDate "2015.??.??"]
[WhiteTeam "C-E BOIS-COLOMBES"]
[BlackTeam "C.E. STRASBOURG"]

1. e4 c5 2. Nf3 d6 3. d4 cxd4 4. Nxd4 Nf6 5. Nc3 a6 6. Bc4 e6 7. Bb3 Be7 8. f4
Nc6 9. Be3 Bd7 10. O-O Qc7 11. Qe2 b5 12. f5 Nxd4 13. Bxd4 O-O 14. fxe6 fxe6
15. a3 Kh8 16. Rad1 e5 17. Bf2 Bg4 18. Qd3 Bxd1 19. Qxd1 Rac8 20. Be6 Rb8 21.
Nd5 Nxd5 22. exd5 Bg5 23. Qh5 Rxf2 24. Kxf2 Qxc2+ 25. Kg1 Be3+ 26. Kh1 g6 27.
Qh4 g5 28. Qh6 1-0

[Event "30ème Open  d'Avoine"]
[Site "Avoine"]
[Date "2015.07.18"]
[Round "2.49"]
[White "Chevrier, Thomas"]
[Black "Andre, Philippe"]
[Result "1-0"]
[WhiteElo "2185"]
[BlackElo "1844"]
[PlyCount "38"]
[EventDate "2015.??.??"]
[WhiteTeam "C-E BOIS-COLOMBES"]
[BlackTeam "C.E. STRASBOURG"]

1. e4 c6 2. d4 d5 3. e5 c5 4. c3 Nc6 5. Be2 cxd4 6. cxd4 Qb6 7. Nc3 e6 8. Nf3
Nh6 9. Bd3 Bd7 10. O-O Nxd4 11. Nxd4 Qxd4 12. Nb5 Qxe5 13. Re1 Qb8 14. Qf3 Bd6
15. Bxh6 gxh6 16. Qf6 Bxh2+ 17. Kh1 Rf8 18. Nd4 Qf4 19. Nf5 Bc6 1-0

[Event "30ème Open  d'Avoine"]
[Site "Avoine"]
[Date "2015.07.18"]
[Round "2.50"]
[White "Aflalo, Sophie"]
[Black "Normand, Victor"]
[Result "1-0"]
[WhiteElo "2135"]
[BlackElo "1834"]
[PlyCount "67"]
[EventDate "2015.??.??"]
[WhiteTeam "C-E BOIS-COLOMBES"]
[BlackTeam "C.E. STRASBOURG"]

1. e4 e6 2. d4 d5 3. Nd2 Nf6 4. e5 Nfd7 5. f4 c5 6. Ngf3 Nc6 7. c3 a5 8. a4
cxd4 9. Nxd4 Nxd4 10. cxd4 Bb4 11. Kf2 f6 12. Nf3 O-O 13. g3 fxe5 14. fxe5 Qb6
15. Kg2 Rxf3 16. Kxf3 Nxe5+ 17. dxe5 Bd7 18. h4 Rf8+ 19. Bf4 Bc6 20. Rh2 d4+
21. Kg4 Be7 22. Bd3 Qd8 23. Qc2 h5+ 24. Kh3 Bxh4 25. Bh7+ Kh8 26. Be4 Be8 27.
Kg2 g5 28. Rc1 gxf4 29. Rxh4 fxg3 30. Qc7 Rf2+ 31. Kg1 Qxc7 32. Rxc7 Bc6 33.
Rxh5+ Kg8 34. Rc8+ 1-0